000 00259nam a22001217a 4500
008 170914b xxu||||| |||| 00| 0 eng d
041 _aeng
080 _a7
100 _a44
101 _aART
245 _aNETHERLANDS PAITING
_cMUSPER.H.T
942 _2udc
_cBK
999 _c27675
_d27675